000 01387nac a22003497a 4500
001 BR8200665
003 BR-BrBNA
005 20240105115228.0
008 230509b bl.|||m| |||| 00| 0 por d
040 _aBR-BrBNA
_bpor
_cBiblioteca Nacional de Agricultura
072 _aF30
090 _a0150 BR8200665
100 1 _aAmorim Neto, S.
100 1 _aOliveira, A.B. de
100 1 _aFernandes, G.M.B.
100 1 _aSouza Filho, B.F. de
100 1 _aPereira, R.P.
110 1 _aEmpresa de Pesquisa Agropecuaria do Estado do Rio de Janeiro, Niteroi (Brasil)
245 1 _aIntroducao e avaliacao de cultivares e linhagens de arroz (Oryza sativa L.)nas condicoes do norte Fluminense [Comportamento de variedade; Rio de Janeiro; Brasil]
246 1 _a[Introduction and evaluation of rice cultivars and lines (Oryza sativa L.)in the conditions of Northern state of Rio de Janeiro [Variety behaviour; Rio de Janeiro; Brazil]]
260 3 _aNiteroi, RJ (Brasil):
_c1982.
300 _a5 p.
490 _aPesquisa em Andamento - Empresa de Pesquisa Agropecuaria do Estado do Rio de Janeiro (Brazil)
_vno. 7
_x
650 _aMelhoramento genetico vegetal
650 _aArroz
650 _aComportamento de variedade
650 _aVariedade
650 _aLinhagem
650 _aRio de Janeiro
909 _a202312
_bLúcia Elande
_c55
_dLúcia Elande
942 _2AGRIS
_n0
_cMS
999 _c273767
_d273767